| 000 | 01691nam0a2200373 4500 | ||
|---|---|---|---|
| 001 | RU\NLR\bibl\792657 | ||
| 005 | 20250614123045.0 | ||
| 010 |
_a5-94074-256-4 _bв обл. _91000 |
||
| 021 |
_aRU _b2004-79399 _93915 |
||
| 035 | _aRSL-KNO-002555901 | ||
| 035 | _a(NLR Aleph) 000781880 | ||
| 090 |
_a1067185 _c1067185 |
||
| 100 | _a20041223d2004 |||y0rusy50 ca | ||
| 101 | 1 |
_arus _ceng |
|
| 102 | _aRU | ||
| 105 | _aa ||||||||| | ||
| 106 | _ar | ||
| 200 | 1 |
_aПроекты и эксперименты с КМОП микросхемами _e[генераторы, звуковая и световая сигнализация, таймеры, инверторы] _fНьютон С. Брага _g[пер. с англ. Безяева П. Г.] |
|
| 210 |
_aМ. _cДМК Пресс _d2004 _gОАО Моск. тип. j 9 |
||
| 215 |
_a247 с. _cил. _d21 |
||
| 225 | 1 | _aВ помощь радиолюбителю | |
| 606 | 1 |
_aИнтегральные схемы на КМОП-структурах _xДетали _92320908 _3RU\NLR\auth\661388493 |
|
| 610 | 0 | _aРадиоэлектроника -- Радиотехника -- Радиоэлектронная аппаратура -- Микрорадиоэлектроника -- Интегральные схемы | |
| 610 | 0 |
_aинверторы _aзвуковая и световая сигнализация _aгенераторы |
|
| 686 |
_aЗ844.15,0 _2rubbk |
||
| 686 | _aЗ844.15 | ||
| 700 | 1 |
_aБрага _bН. С. _gНьютон С. _4070 |
|
| 801 | 0 |
_aRU _bRuMoRKP _c20041223 _grcr |
|
| 801 | 1 |
_aRU _bRuMoRGB _c20041223 |
|
| 801 | 2 |
_aRU _bNLR _c20050427 _gPSBO |
|
| 830 | _aпо кн | ||
| 942 | _cBOOK | ||
| 980 | _aNB | ||